| 000 | 00844nam a2200241 a 4500 | ||
|---|---|---|---|
| 999 |
_c12174 _d12174 |
||
| 001 | 12174 | ||
| 003 | BD-JhCC | ||
| 005 | 20210322131109.0 | ||
| 008 | 210322b20092019bg a|||| ||a| 000 0 mul d | ||
| 020 | _a9789848980071 | ||
| 035 | _a(BD-JhCC)12174 | ||
| 040 |
_aBD-JhCC _dBD-JhCC |
||
| 041 | _amul | ||
| 082 |
_a006.686 _bRAH 2019 |
||
| 100 | _aরহমান, মাহবুবুর | ||
| 245 |
_aএডোবি ইলাস্ট্রেটর / _cমাহবুবুর রহমান |
||
| 260 |
_aঢাকা : _bসিসটেক পাবলিকেশন্স লিমিটেড, _c২০১৯. |
||
| 300 |
_a৪১৬ পৃ. : _bচিত্রাবলী, _c২৪ সে.মি. |
||
| 650 | _aAdobe Illustrator (Computer file) | ||
| 650 | _aComputer graphics | ||
| 942 |
_2ddc _cBK |
||